| 000 | 00989cam a22002777a 4500 | ||
|---|---|---|---|
| 001 | 15086700 | ||
| 005 | 20171219073818.0 | ||
| 008 | 071119s2009 at a b 001 0 eng d | ||
| 010 | _a 2007941692 | ||
| 020 | _a9781418030216 | ||
| 020 | _a141803021X | ||
| 035 | _a(OCoLC)ocn176925703 | ||
| 040 |
_aBTCTA _cBTCTA _dBAKER _dKUT _dYDXCP _dVET _dDLC |
||
| 041 | _aeng | ||
| 042 | _alccopycat | ||
| 080 | _a610.69 LOU | ||
| 082 | 0 | 4 |
_a610.69 LOU _221 |
| 100 | 1 | _a38 | |
| 101 | _aMAT | ||
| 245 | 1 | 0 |
_aDiversified health occupations / _cLouise Simmers, Karen Simmers-Nartker, Sharon Simmers-Kobelak. |
| 504 | _aIncludes bibliographical references (p. [1052]-1059) and index. | ||
| 740 | 0 | _aStudyWARE to accompany Diversified health occupations. | |
| 906 |
_a7 _bcbc _ccopycat _d2 _eepcn _f20 _gy-gencatlg |
||
| 942 |
_2ddc _cBK |
||
| 999 |
_c39170 _d39170 |
||